Geomorfología / (Record no. 55487)
[ view plain ]
| 000 -LEADER | |
|---|---|
| campo de control de longitud fija | 00680nam a2200205 i 4500 |
| 001 - NÚMERO DE CONTROL | |
| campo de control | 55487 |
| 003 - IDENTIFICADOR DE NÚMERO DE CONTROL | |
| campo de control | ES-MaACL |
| 005 - FECHA Y HORA DE LA ÚLTIMA TRANSACCIÓN | |
| campo de control | 20230906163145.0 |
| 007 - CAMPO FIJO DE DESCRIPCIÓN FÍSICA--INFORMACIÓN GENERAL | |
| campo de control de longitud fija | t| |
| 008 - DATOS DE LONGITUD FIJA--INFORMACIÓN GENERAL | |
| campo de control de longitud fija | 030922s1978 sp ||||1| spa d |
| 100 1# - ENTRADA PRINCIPAL--NOMBRE DE PERSONA | |
| Nombre de persona | Derruau, Max. |
| 9 (RLIN) | 43800 |
| 245 10 - MENCIÓN DEL TÍTULO | |
| Título | Geomorfología / |
| Mención de responsabilidad, etc. | por Max Derruau ; prólogo de Luis Solé Sabarís ; [versión de Luis Solé Sugranyes ; puesta al día de Jaime Calvet]. |
| 250 ## - MENCION DE EDICION | |
| Mención de edición | 2ª ed. ref. |
| 260 ## - PUBLICACIÓN, DISTRIBUCIÓN, ETC. | |
| Lugar de publicación, distribución, etc. | Barcelona : |
| Nombre del editor, distribuidor, etc. | Ariel, |
| Fecha de publicación, distribución, etc. | [1978] |
| 300 ## - DESCRIPCIÓN FÍSICA | |
| Extensión | 528 p., 62 p. : |
| Otras características físicas | il. ; |
| Dimensiones | 23 cm. |
| 700 0# - ENTRADA AGREGADA--NOMBRE PERSONAL | |
| Nombre de persona | Solé Sabarís, L. |
| 9 (RLIN) | 107131 |
| 700 1# - ENTRADA AGREGADA--NOMBRE PERSONAL | |
| Nombre de persona | Solé Sugranyes, Lluis. |
| 9 (RLIN) | 107135 |
| 700 1# - ENTRADA AGREGADA--NOMBRE PERSONAL | |
| Nombre de persona | Calvet, Jaime. |
| 9 (RLIN) | 33811 |
| 852 ## - LOCALIZACIÓN | |
| Ubicación | ES-MaACL |
| Número de control de estantería | A-7942 |
| Sublocalización o colección | R.96969 |
| Estatus retirado | Estado de pérdida | Estado de daño | No para préstamo | Biblioteca de origen | Biblioteca actual | Ubicación en estantería | Fecha de adquisición | Fuente de adquisición | Total de préstamos | Signatura topográfica completa | Código de barras | Visto por última vez | Precio de reemplazo | Tipo de ítem Koha |
|---|---|---|---|---|---|---|---|---|---|---|---|---|---|---|
| Biblioteca del Ateneo de Madrid | Biblioteca del Ateneo de Madrid | Sala Pecera Planta 1 | 17/01/2008 | A-7942 | 1058295 | 23/02/2023 | 23/02/2023 | Libro impreso |
